| 000 | 00704cab a2200241 4500 | ||
|---|---|---|---|
| 001 | WB2911-65 | ||
| 008 | 090401t1993 xxu||||| |||| 00| 0 eng d | ||
| 035 | _a(Sirsi) u72545 | ||
| 041 | _aeng | ||
| 100 | _aRose, J. | ||
| 245 | 4 | _aThe value of advice | |
| 260 | _c1993 | ||
| 350 | _a0 | ||
| 490 |
_aEstates Times _v12 March 1993, 9(1) |
||
| 520 | _aArgues that value is often mixed up with price and valuation with appraisal. The author explains the concept of `time`s price`. | ||
| 650 | _aAPPRAISAL | ||
| 650 | _aMOUNT BANKING CORPORATION LTD V BRIAN COOPER & CO | ||
| 650 | _aPRICE | ||
| 650 |
_aValuation _96273 |
||
| 690 | _aRATING AND VALUATION | ||
| 942 | _n0 | ||
| 948 | _c04/03/1997 | ||
| 999 |
_c45846 _d45846 |
||